All Sabaton Songs - Statistiken

Allgemein
  • Dieses Quiz wurde 40 mal gespielt
    35 seit der letzten Aktualisierung
  • Das Durchschnittsergebnis liegt bei 52 aus 122
Antwortstatistiken
Antwort % Korrekt
Bismarck
95%
Primo Victoria
95%
The Last Stand
91%
82nd All the Way
86%
The Red Baron
86%
To Hell and Back
86%
The Attack of the dead Men
82%
Fields of Verdun
77%
Carolus Rex
73%
Night Witches
73%
Soldier of Heaven
73%
Father
68%
Ghost Division
68%
Panzerkampf
68%
Seven Pillars of Wisdom
68%
The Last Battle
68%
Aces in Exile
64%
Attero Dominatus
64%
Great War
64%
Metalizer
64%
Rorkes Drift
64%
Sarajevo
64%
Shiroyama
64%
Sparta
64%
The Final Solution
64%
A Lifetime of War
59%
Defence of Moscow
59%
Devil Dogs
59%
Lady of the Dark
59%
Race to the Sea
59%
Resist and Bite
59%
Screaming Eagles
59%
Steel Commanders
59%
Swedish Pagans
59%
The Unkillable Soldier
59%
Uprising
59%
7734
55%
Gott Mit Uns
55%
Hill 3234
55%
Midway
55%
No Bullets Fly
55%
Smoking Snakes
55%
White Death
55%
Winged Hussars
55%
Wolfpack
55%
1916
50%
A Ghost in the Trenches
50%
Blood of Bannockburn
50%
Cliffs of Gallipoli
50%
Coat of Arms
50%
Dreadnought
50%
Metal Machine
50%
The Lion from the North
50%
The Lost Battalion
50%
40:1
45%
Inmate 4859
45%
Into the Fire
45%
Last Dying Breath
45%
Panzer Battalion
45%
Poltava
45%
Soldier of 3 Armies
45%
The Art of War
45%
The Future of Warfare
45%
The Royal Guard
45%
Versailles
45%
Wehrmacht
45%
1648
41%
Back in Control
41%
Christmas Truce
41%
Nuclear Attack
41%
Rise of Evil
41%
The Caroleans Prayer
41%
Counterstrike
36%
Hearts of Iron
36%
Killing Ground
36%
Stalingrad
36%
The First Soldier
36%
The Price of a Mile
36%
Diary of an Unknown Soldier
32%
In the Name of God
32%
Metal Ripper
32%
Reign of Terror
32%
Saboteurs
32%
Shotgun
32%
Talvisota
32%
Angels Calling
27%
Hellfighters
27%
In Flanders Fields
27%
Metal Crue
27%
Purple Heart
27%
The Ballad of Bull
27%
Thundergods
27%
Thunderstorm
27%
Unbreakable
27%
We Burn
27%
Far from the Fame
23%
Firestorm
23%
Livgardet
23%
Long live the King
23%
Shadows
23%
Speeder
23%
The End of the War to end All Wars
23%
Union
23%
Hellrider
14%
Lejonet Fran
14%
Light in the Black
14%
Ruina Imperii
14%
Endless Nights
9%
Hail to the King
9%
Masters of the World
9%
Nightchild
9%
Burn your Crosses
5%
En Livstid en Krig
5%
Jawbreaker
5%
The Hammer Has Fallen
5%
The Valley of the Death
5%
Angles Calling
0%
Birds of War
0%
Ett Slag Färgat
0%
Karolinens Bön
0%
Kingdom Come: Deliverance
0%
Konungens
0%
Keine übereinstimmenden Quizze gefunden
Verteilung der Resultate
Anzahl Personen mit jedem Resultat
Perzentil nach korrekt beantworteten Fragen
Ihre Resultats-Entwicklung
Sie haben dieses Quiz seit der letzten Aktualisierung nicht gespielt